<?xml version="1.0" encoding="UTF-8"?>
<record
    xmlns:xsi="http://www.w3.org/2001/XMLSchema-instance"
    xsi:schemaLocation="http://www.loc.gov/MARC21/slim http://www.loc.gov/standards/marcxml/schema/MARC21slim.xsd"
    xmlns="http://www.loc.gov/MARC21/slim">

  <leader>00491    a2200157   4500</leader>
  <controlfield tag="005">20250628080001.0</controlfield>
  <datafield tag="020" ind1=" " ind2=" ">
    <subfield code="a">81-224-1522-9</subfield>
  </datafield>
  <datafield tag="082" ind1=" " ind2=" ">
    <subfield code="a">001.43 KOT</subfield>
  </datafield>
  <datafield tag="100" ind1=" " ind2=" ">
    <subfield code="a">KOTHARI, C.R.</subfield>
  </datafield>
  <datafield tag="245" ind1=" " ind2=" ">
    <subfield code="a">Research Methodology: Methods &amp; techniques.</subfield>
  </datafield>
  <datafield tag="250" ind1=" " ind2=" ">
    <subfield code="a">2nd Ed.</subfield>
  </datafield>
  <datafield tag="260" ind1=" " ind2=" ">
    <subfield code="a">New Delhi,</subfield>
    <subfield code="b">New Age International (P) Ltd,</subfield>
    <subfield code="c">2004.</subfield>
  </datafield>
  <datafield tag="300" ind1=" " ind2=" ">
    <subfield code="a">xiv, 401p.: ill.; chart, graph, table </subfield>
    <subfield code="b">Index &amp; References</subfield>
    <subfield code="c">25cm</subfield>
  </datafield>
  <datafield tag="856" ind1=" " ind2=" ">
    <subfield code="y">Access online book</subfield>
    <subfield code="f">Research</subfield>
    <subfield code="d">www.newagepublisher.com</subfield>
  </datafield>
  <datafield tag="942" ind1=" " ind2=" ">
    <subfield code="2">ddc</subfield>
    <subfield code="c">BKS</subfield>
  </datafield>
  <datafield tag="999" ind1=" " ind2=" ">
    <subfield code="c">15</subfield>
    <subfield code="d">15</subfield>
  </datafield>
  <datafield tag="952" ind1=" " ind2=" ">
    <subfield code="r">2025-03-05 14:36:31</subfield>
    <subfield code="l">0</subfield>
    <subfield code="o">001.43 KOT</subfield>
    <subfield code="p">00000030</subfield>
    <subfield code="v">204816.00</subfield>
    <subfield code="w">2025-03-05</subfield>
    <subfield code="y">BKS</subfield>
    <subfield code="1">0</subfield>
    <subfield code="2">ddc</subfield>
    <subfield code="4">0</subfield>
    <subfield code="7">0</subfield>
    <subfield code="0">0</subfield>
    <subfield code="a">CBEML</subfield>
    <subfield code="b">CBEML</subfield>
    <subfield code="c">SPECIAL</subfield>
    <subfield code="d">2006-07-10</subfield>
    <subfield code="g">68272.00</subfield>
  </datafield>
  <datafield tag="952" ind1=" " ind2=" ">
    <subfield code="r">2025-03-05 14:36:31</subfield>
    <subfield code="l">0</subfield>
    <subfield code="o">001.43 KOT</subfield>
    <subfield code="p">00000031</subfield>
    <subfield code="v">204816.00</subfield>
    <subfield code="w">2025-03-05</subfield>
    <subfield code="y">BKS</subfield>
    <subfield code="1">0</subfield>
    <subfield code="2">ddc</subfield>
    <subfield code="4">0</subfield>
    <subfield code="7">0</subfield>
    <subfield code="0">0</subfield>
    <subfield code="a">CBEML</subfield>
    <subfield code="b">CBEML</subfield>
    <subfield code="c">GEN</subfield>
    <subfield code="d">2006-07-10</subfield>
    <subfield code="g">68272.00</subfield>
  </datafield>
  <datafield tag="952" ind1=" " ind2=" ">
    <subfield code="r">2025-03-05 14:36:31</subfield>
    <subfield code="l">0</subfield>
    <subfield code="o">001.43 KOT</subfield>
    <subfield code="p">00000032</subfield>
    <subfield code="v">204816.00</subfield>
    <subfield code="w">2025-03-05</subfield>
    <subfield code="y">BKS</subfield>
    <subfield code="1">0</subfield>
    <subfield code="2">ddc</subfield>
    <subfield code="4">0</subfield>
    <subfield code="7">0</subfield>
    <subfield code="0">0</subfield>
    <subfield code="a">CBEML</subfield>
    <subfield code="b">CBEML</subfield>
    <subfield code="c">SPECIAL</subfield>
    <subfield code="d">2006-07-10</subfield>
    <subfield code="g">68272.00</subfield>
  </datafield>
  <datafield tag="952" ind1=" " ind2=" ">
    <subfield code="r">2025-03-05 14:36:31</subfield>
    <subfield code="l">0</subfield>
    <subfield code="o">001.43 KOT</subfield>
    <subfield code="p">00000033</subfield>
    <subfield code="v">204816.00</subfield>
    <subfield code="w">2025-03-05</subfield>
    <subfield code="y">BKS</subfield>
    <subfield code="1">0</subfield>
    <subfield code="2">ddc</subfield>
    <subfield code="4">0</subfield>
    <subfield code="7">0</subfield>
    <subfield code="0">0</subfield>
    <subfield code="a">CBEML</subfield>
    <subfield code="b">CBEML</subfield>
    <subfield code="c">SPECIAL</subfield>
    <subfield code="d">2006-07-10</subfield>
    <subfield code="g">68272.00</subfield>
  </datafield>
  <datafield tag="952" ind1=" " ind2=" ">
    <subfield code="r">2025-03-05 14:36:31</subfield>
    <subfield code="l">0</subfield>
    <subfield code="o">001.43 KOT</subfield>
    <subfield code="p">00000034</subfield>
    <subfield code="v">204816.00</subfield>
    <subfield code="w">2025-03-05</subfield>
    <subfield code="y">BKS</subfield>
    <subfield code="1">0</subfield>
    <subfield code="2">ddc</subfield>
    <subfield code="4">0</subfield>
    <subfield code="7">0</subfield>
    <subfield code="0">0</subfield>
    <subfield code="a">CBEML</subfield>
    <subfield code="b">CBEML</subfield>
    <subfield code="c">SPECIAL</subfield>
    <subfield code="d">2006-07-10</subfield>
    <subfield code="g">68272.00</subfield>
  </datafield>
  <datafield tag="952" ind1=" " ind2=" ">
    <subfield code="r">2025-03-05 14:36:31</subfield>
    <subfield code="l">0</subfield>
    <subfield code="o">001.43 KOT</subfield>
    <subfield code="p">00000035</subfield>
    <subfield code="v">204816.00</subfield>
    <subfield code="w">2025-03-05</subfield>
    <subfield code="y">BKS</subfield>
    <subfield code="1">0</subfield>
    <subfield code="2">ddc</subfield>
    <subfield code="4">0</subfield>
    <subfield code="7">0</subfield>
    <subfield code="0">0</subfield>
    <subfield code="a">CBEML</subfield>
    <subfield code="b">CBEML</subfield>
    <subfield code="c">GEN</subfield>
    <subfield code="d">2006-07-10</subfield>
    <subfield code="g">68272.00</subfield>
  </datafield>
</record>
